Personnages marvel(mort subite) - Statistiques

Statistiques générales
  • Ce quiz a été pris 1 089 fois
  • Le résultat moyen est 4 sur 10
Answers on the Grid
Answers color-coded by a green-red scale on the quiz's grid according to % correct below.
Superman
Thor
Cyclope
Green lantern
La vielle al
Alfred
Batman
Crâne rouge
Zarrko
Gentleman Ghost
Elihas starr
Amazo
Mister Hyde
Hawkman
Wendigo
Wotan
Larfleeze
Hawkeyes
Ghost Rider
Black Adam
 
Statistiques - réponses
Réponse % Correct
L'un des premiers
Avengers
Thor
96%
Ennemi de cap Crâne rouge
74%
Avengers Hawkeyes
61%
Provient de Marvel Ghost Rider
55%
X-Men appartient
À Marvel
Cyclope
54%
Amie de Deadpool La vielle al
25%
Méchant Marvel
Qui prend une drogue
Pour le rendre puissant
Mister Hyde
21%
Ennemi de Ant man Elihas starr
20%
Personnage se rapprochant
De Wolverine mais
Qui n'a plus d'humanitée
Wendigo
17%
Voyageur du temps
De Marvel
Zarrko
15%
Aucun quiz correspondant
Distribution des résultats
% des personnes avec chaque résultat
Percentile par nombre de réponses
Votre historique - résultats
Vous n’avez pas pris ce quiz